000 00879nam0a22002771 4500
001 rc\501
005 20021204101601.5
010 _a5-85050-346-3
_910000
035 _a(NLR Aleph) 005291352
090 _a6193498
_c6193498
100 _a20021204d1994 u |0rusy50 ca
101 0 _arus
102 _aRU
105 _aa |||||||||
200 1 _aПушкин в 1833 году
_eХроника
210 _aМ.
_cСлово
_dБ. г. (1994)
215 _a616, [2] с.
_cил.
_d22
320 _aБиблиогр. в примеч.: с. 574-586, 592-596
320 _aУказ. имен.: с 597-617
600 1 _aПушкин
_bА.С.
_gАлександр Сергеевич
_2psbo
700 1 _aАбрамович
_bС. Л.
_f1927-
_gСтелла Лазаревна
801 0 _aRU
_bNLR
_gpsbo
801 1 _aRU
_bELAR
_2rusmarc
852 _aNLR
_j94-5/1495
942 _cBOOK
980 _aNB